000
00207 a2200085 4500
020
_a
9781580532440
100
_a
Girish Kumar
_9
211715
245
_a
Broadband Microstrip Antennas
260
_b
Artech House
_c
2003
999
_c
365727
_d
365727